Capital Cities of the World by Picture #4 - Statistics

General Stats
  • This quiz has been taken 133 times
  • The average score is 9 of 15
Answer Stats
Picture Answer % Correct
Jerusalem
88%
Lisbon
75%
Kiev
69%
Cairo
67%
Sarajevo
60%
Damascus
58%
Beirut
56%
Vilnius
56%
Manama
54%
Zagreb
52%
Apia
50%
Bridgetown
50%
Kigali
48%
Djibouti
44%
Maputo
42%
No matching quizzes found
Score Distribution
Percent of People with Each Score
Percentile by Number Answered
Your Score History
You have not taken this quiz